| 000 | 00561nam a22001817a 4500 | ||
|---|---|---|---|
| 999 |
_c7298 _d7298 |
||
| 003 | OSt | ||
| 005 | 20200608160436.0 | ||
| 008 | 200608s2020 sp ||||| 000 0 spa|d | ||
| 020 | _a9788417914370 | ||
| 040 |
_bcat _cCDMR |
||
| 100 | 1 | _aJiménez, Chal | |
| 245 | 1 | 0 |
_aSupertalent _b: desarrolla tu talento digital más disruptivo e interactivo para conquistar el mundo profesional / _cChal Jiménez |
| 260 |
_aPozuelo de Alarcón, Madrid : _bESIC , _c2020 |
||
| 300 |
_a109 p. ; _c22 cm |
||
| 650 | 0 | 4 | _aMàrqueting personal |
| 650 | 0 | 7 |
_aÈxit _2lemac |
| 942 | _cMON | ||